000 00541 a2200181 4500
003 OSt
005 20240207113910.0
008 240207b |||||||| |||| 00| 0 eng d
020 _a9789389325768
040 _coclc
082 _a894.8128
_bSHA/P
100 _aShajahan K M
_910404
245 _aPourathwa Niyama Bhedhagathiyum Bharanaghadanayum /
_c K M Shajahan
250 _a1st ed.
260 _aKozhikode:
_bOlive Publications,
_c2020.
300 _a98p.
942 _2ddc
_cBK
_h894.8128
_iSHA/P
_k894.8128
_mSHA/P
999 _c44342
_d44342